Statistics for Countries by Partial Flag Images #7

Click here to take the quiz!

General Stats

  • This quiz has been taken 1,489 times
    (246 since last reset)
  • The average score is 14 of 16

Answer Stats

HintAnswer% Correct
HTML tutorial Ireland
99%
HTML tutorial Nigeria
98%
HTML tutorial Latvia
97%
HTML tutorial Afghanistan
96%
HTML tutorial Iraq
96%
HTML tutorial Bangladesh
96%
HTML tutorial Honduras
95%
HTML tutorial Bhutan
94%
HTML tutorial Seychelles
89%
HTML tutorial Cameroon
86%
HTML tutorialMoldova
84%
HTML tutorial Fiji
84%
HTML tutorial Belize
83%
HTML tutorial Dominica
83%
HTML tutorial Myanmar
79%
HTML tutorial Mauritius
74%

Score Distribution

Percentile by Number Answered

Percent of People with Each Score

Your Score History

You have not taken this quiz since the last reset